[Event "AUTO-OPEN-307"]
[Site "http://www.queenalice.com/game.php?id=80748"]
[Date "2006.6.28"]
[Round "1"]
[White "Edgar"]
[Black "Tistou"]
[Result "1-0"]
[WhiteElo "1955"]
[BlackElo "1527"]

1. e4 c6 2. c4 Nf6 3. e5 Ne4 4. d3 Nc5 5. d4 Ne4 6. Qf3 Qa5+ 7. Nc3 Nxc3 8. Qxc3
Qxc3+ 9. bxc3 d6 10. Nf3 e6 11. Bd3 Be7 12. exd6 Bxd6 13. c5 Bc7 14. O-O Ba5 15.
Bd2 b6 16. cxb6 axb6 17. Ne5 Bb7 18. Be4 f6 19. Nc4 Nd7 20. Nd6+ 1-0

[Event "AUTO-OPEN-307"]
[Site "http://www.queenalice.com/game.php?id=80749"]
[Date "2006.6.28"]
[Round "1"]
[White "Tistou"]
[Black "Edgar"]
[Result "0-1"]
[WhiteElo "1506"]
[BlackElo "1971"]

1. e4 e5 2. Nf3 Nc6 3. Bb5 d6 4. Bxc6+ bxc6 5. O-O Nf6 6. d3 c5 7. Bg5 h6 8. Bh4
Be7 9. Bxf6 Bxf6 10. Nc3 c6 11. Nd2 O-O 12. f4 exf4 13. Rxf4 Rb8 14. Qc1 Bd4+
15. Kh1 Be3 16. Rf3 Qg5 17. Rg3 Qe5 18. Rxe3 Be6 19. Nf3 Qf4 20. Ne2 Qf6 21. Ng3
Qxb2 22. Qxb2 Rxb2 23. Re2 Rxa2 24. Rxa2 Bxa2 25. c4 Bb1 26. Ne1 Rb8 27. Nf5 Rb3
28. Rd2 a5 29. Nxd6 a4 30. e5 a3 31. Nc2 Bxc2 32. Rxc2 Rb1+ 0-1

[Event "AUTO-OPEN-307"]
[Site "http://www.queenalice.com/game.php?id=80766"]
[Date "2006.6.28"]
[Round "1"]
[White "Tistou"]
[Black "tewald"]
[Result "0-1"]
[WhiteElo "1525"]
[BlackElo "1782"]

1. e4 e5 2. Nf3 Nc6 3. Bb5 Nf6 4. O-O Nxe4 5. Bxc6 dxc6 6. Re1 Nf6 7. Rxe5+ Be7
8. d4 O-O 9. c4 Bd6 10. Re1 c5 11. Bg5 h6 12. Bh4 Bg4 13. h3 Bd7 14. d5 Be7 15.
Ne5 Re8 16. Nc3 g5 17. Bg3 Rc8 18. h4 Kg7 19. hxg5 hxg5 20. f4 g4 21. Bh4 Rh8
22. g3 Nh5 23. Qc2 Bxh4 24. gxh4 Nxf4 25. Qe4 Nh3+ 26. Kg2 Qxh4 27. Re2 Ng5 28.
Qe3 Qh2+ 0-1

[Event "AUTO-OPEN-307"]
[Site "http://www.queenalice.com/game.php?id=80767"]
[Date "2006.6.28"]
[Round "1"]
[White "tewald"]
[Black "Tistou"]
[Result "1-0"]
[WhiteElo "1773"]
[BlackElo "1533"]

1. e4 c6 2. d3 d5 3. Nd2 dxe4 4. dxe4 e5 5. Ngf3 Bg4 6. g3 Bb4 7. Bg2 Nf6 8. c3
Ba5 9. O-O h5 10. h3 Be6 11. Nxe5 Qc7 12. Ndc4 Bxc4 13. Nxc4 Nbd7 14. Bf4 Qd8
15. Nd6+ Kf8 16. Nxb7 Qb6 17. Nxa5 Qxa5 18. Qd6+ Ke8 19. e5 Nd5 20. Rfd1 N7b6
21. Qxc6+ Ke7 22. Qd6+ Ke8 23. Bxd5 Nxd5 24. Qxd5 1-0

[Event "AUTO-OPEN-243"]
[Site "http://www.queenalice.com/game.php?id=85665"]
[Date "2006.7.13"]
[Round "2"]
[White "Tistou"]
[Black "chesscole"]
[Result "0-1"]
[WhiteElo "1570"]
[BlackElo "1478"]

1. e4 e5 2. Nf3 Nc6 3. Bc4 Nf6 4. O-O Nxe4 5. Re1 Nf6 6. Nxe5 Nxe5 7. Rxe5+ Be7
8. b3 d6 9. Re1 O-O 10. Bb2 Bg4 11. f3 Bh5 12. d4 d5 13. Bd3 Bb4 14. a3 Bxe1 15.
Qxe1 Re8 16. Qd2 Bg6 17. Nc3 Bxd3 18. Qxd3 Re7 19. Kf2 Nh5 20. Ne2 c6 21. Re1
Qe8 22. Qd2 g6 23. Ng3 Nxg3 24. hxg3 Re6 25. c4 Rxe1 26. Qxe1 Qxe1+ 27. Kxe1 b6
28. cxd5 cxd5 0-1

[Event "AUTO-OPEN-243"]
[Site "http://www.queenalice.com/game.php?id=85666"]
[Date "2006.7.13"]
[Round "2"]
[White "chesscole"]
[Black "Tistou"]
[Result "0-1"]
[WhiteElo "1488"]
[BlackElo "1622"]

1. e4 c6 2. Nf3 d5 3. Nc3 dxe4 4. Nxe4 Bf5 5. Ng3 Bg6 6. d4 Nf6 7. Bd3 Qb6 8.
O-O e6 9. Bg5 Be7 10. Bxg6 hxg6 11. Ne5 Qxb2 12. Bxf6 Bxf6 13. Ne4 Nd7 14. Nxd7
Kxd7 15. Nxf6+ gxf6 16. Qd3 Qb6 17. Rab1 Qc7 18. c4 Qxh2# 0-1

[Event "AUTO-OPEN-243"]
[Site "http://www.queenalice.com/game.php?id=85667"]
[Date "2006.7.13"]
[Round "2"]
[White "Tistou"]
[Black "Luciano_Matte"]
[Result "1/2-1/2"]
[WhiteElo "1627"]
[BlackElo "1973"]

1. e4 e6 2. d4 d5 3. exd5 exd5 4. Nf3 Nf6 5. c4 Bb4+ 6. Nc3 O-O 7. Be2 dxc4 8.
Bxc4 c5 9. O-O Bg4 10. dxc5 Bxc5 11. Qe2 Re8 12. Bxf7+ Kxf7 13. Qc4+ Be6 14.
Qxc5 Nc6 15. Bg5 Qe7 16. Ne5+ Nxe5 17. Qxe5 h6 18. Bxf6 Qxf6 19. Qxf6+ gxf6 20.
Rfd1 Rad8 21. g3 Bc4 22. a3 Bb3 23. Rxd8 Rxd8 24. Ne4 b6 25. Rc1 Rd7 26. Rc3 Bd5
27. f3 f5 28. Nf2 Kf6 29. f4 h5 30. Nd3 Be4 31. Ne5 Rd1+ 32. Kf2 Rd2+ 33. Ke3
Rxb2 34. h3 Rh2 35. h4 Rg2 36. Kd4 Rd2+ 37. Ke3 Rg2 38. Kd4 Rd2+ 39. Kc4 a6 40.
Kb4 Rb2+ 41. Rb3 a5+ 42. Kc3 Rxb3+ 43. Kxb3 b5 44. Kc3 Ke6 45. Kd4 Kd6 46. Nf7+
Kc6 47. Ne5+ Kd6 48. Nf7+ 1/2-1/2

[Event "AUTO-BEG-10"]
[Site "http://www.queenalice.com/game.php?id=85707"]
[Date "2006.7.14"]
[Round "2"]
[White "cafa83"]
[Black "Tistou"]
[Result "1-0"]
[WhiteElo "1570"]
[BlackElo "1641"]

1. e4 c6 2. Nc3 d5 3. exd5 cxd5 4. Qf3 Nf6 5. Nh3 Nc6 6. Bb5 e6 7. a3 a6 8.
Bxc6+ bxc6 9. O-O Bd6 10. d4 h6 11. Bf4 Bxf4 12. Nxf4 Qb6 13. Nfe2 Qxb2 14. Rfc1
Qb6 15. Na4 Qa5 16. Nc5 Qc7 17. h4 Nd7 18. Nc3 Nxc5 19. dxc5 Rb8 20. a4 Qa5 21.
Rcb1 Rxb1+ 22. Rxb1 O-O 23. g4 Qxc5 24. g5 hxg5 25. hxg5 g6 26. Rb8 Qa7 27. Rb4
c5 28. Rh4 Bb7 29. Ne2 d4 30. Qf6 1-0

[Event "AUTO-BEG-10"]
[Site "http://www.queenalice.com/game.php?id=85708"]
[Date "2006.7.14"]
[Round "2"]
[White "Tistou"]
[Black "cafa83"]
[Result "0-1"]
[WhiteElo "1598"]
[BlackElo "1559"]

1. e4 e5 2. Nf3 Nc6 3. Bb5 Nge7 4. O-O a6 5. Ba4 b5 6. Bb3 d5 7. exd5 Nxd5 8.
Re1 f6 9. d4 Bb4 10. c3 Bd6 11. Bxd5 Bb7 12. Be3 Bb4 13. Bxc6+ Bxc6 14. cxb4 O-O
15. Qc2 Bxf3 16. gxf3 exd4 17. Rd1 Qd5 18. Rxd4 Qxf3 19. Nd2 Qh3 20. Nf1 Rfe8
21. Ng3 Rad8 22. Rad1 Rxd4 23. Rxd4 g6 24. Qxc7 Rc8 25. Qd7 Qxd7 26. Rxd7 Rc2
27. Bd4 h5 28. Bxf6 Rc4 29. Rd4 Rc6 30. Be7 h4 31. Ne4 h3 32. Nc5 a5 33. a3 Rc7
34. Rd7 Rc8 35. Rd8+ Rxd8 36. Bxd8 axb4 37. axb4 Kf7 38. Ne4 Ke6 39. Nc3 Kd7 40.
Bh4 Kc6 41. f4 Kd6 42. Kf2 Ke6 43. Kg3 Kf5 44. Nxb5 g5 45. Bxg5 Ke4 46. Nc3+ Ke3
0-1

[Event "AUTO-ADV-179"]
[Site "http://www.queenalice.com/game.php?id=90103"]
[Date "2006.7.27"]
[Round "2"]
[White "Tistou"]
[Black "Gambit13"]
[Result "1-0"]
[WhiteElo "1519"]
[BlackElo "1767"]

1. e4 Nf6 2. e5 Nd5 3. d4 d6 4. Nf3 Bg4 5. Bc4 Nb6 6. Bxf7+ Kxf7 7. Ng5+ Kg8 8.
Qxg4 Qd7 9. Qf3 e6 10. O-O Nc6 11. exd6 cxd6 12. Be3 Be7 13. Qf7# 1-0

[Event "AUTO-ADV-179"]
[Site "http://www.queenalice.com/game.php?id=90104"]
[Date "2006.7.27"]
[Round "2"]
[White "Gambit13"]
[Black "Tistou"]
[Result "1-0"]
[WhiteElo "1739"]
[BlackElo "1580"]

1. c4 Nf6 2. d3 e5 3. Nc3 Bb4 4. Qc2 O-O 5. Bg5 d5 6. cxd5 Bxc3+ 7. Qxc3 Qxd5 8.
Bxf6 gxf6 9. Qxc7 Nc6 10. O-O-O Qxa2 11. Qd6 Be6 12. Qa3 Rfc8 13. Kd2 Nd4 14.
Qxa2 Bxa2 15. Ke1 Bb3 16. e3 Bxd1 17. Kxd1 Nb3 18. Ne2 Rc6 19. Nc3 Rac8 20. g3
Ra6 21. Ke2 Ra1 22. Bg2 Rxh1 23. Bxh1 b6 24. Bd5 Nc5 25. Kd2 Rd8 26. Ne4 Nxe4+
27. Bxe4 a6 28. b3 b5 29. Kc3 a5 30. Kb2 Kg7 31. g4 b4 32. f4 exf4 33. exf4 h6
34. h4 Kf8 35. Bf5 Rd4 36. Be4 Ke7 37. Kc2 Kd6 38. Kd2 Kc5 39. Kc2 Rxe4 40. dxe4
Kd4 41. g5 fxg5 42. fxg5 hxg5 43. h5 Ke5 44. Kd3 g4 45. Ke3 Kf6 46. Kf4 1-0

[Event "AUTO-ADV-179"]
[Site "http://www.queenalice.com/game.php?id=90105"]
[Date "2006.7.27"]
[Round "2"]
[White "Tistou"]
[Black "bogmaster"]
[Result "1/2-1/2"]
[WhiteElo "1631"]
[BlackElo "1633"]

1. e4 e5 2. Nf3 d6 3. Bc4 Be6 4. Bxe6 fxe6 5. d3 Nc6 6. Bg5 Be7 7. Bxe7 Qxe7 8.
Nc3 Nd4 9. Nxd4 exd4 10. Ne2 e5 11. Ng3 Nf6 12. Qd2 O-O-O 13. Rc1 b6 14. c3 d5
15. Qg5 dxc3 16. Rxc3 d4 17. Rc2 Qb4+ 18. Ke2 Rhg8 19. Rhc1 h6 20. Rxc7+ Kb8 21.
Qxe5 Ka8 22. R1c2 Rb8 23. f3 Rge8 24. Qf5 Qf8 25. Nh5 Nxh5 26. Qxh5 Rbc8 27.
Rxc8+ Rxc8 28. Rxc8+ Qxc8 29. Qd5+ Kb8 30. Qxd4 Qc2+ 31. Kf1 Qd1+ 32. Kf2 Qd2+
33. Kg3 Qe1+ 34. Kh3 g5 35. Qh8+ Kb7 36. Qxh6 Qd2 37. Qg7+ Ka6 38. Qc3 Qf4 39.
Qe1 Kb7 40. Qg3 Qf6 41. Qg4 Qxb2 42. Qxg5 Qxa2 43. Qe7+ Ka6 44. Qb4 Qe6+ 45. Kg3
Qe5+ 46. Kf2 Qxh2 47. e5 Qxe5 48. Qc4+ b5 49. Qe4 Qb2+ 50. Kg3 Qg7+ 51. Kf2 Qb2+
52. Kg3 b4 53. Qc6+ Ka5 54. Qc7+ Ka6 55. Qc4+ Kb6 56. Qe6+ Ka5 57. Qd7 Kb6 58.
Qd6+ Kb5 59. Qb8+ Ka6 60. Qd6+ Kb5 61. Qb8+ Ka6 62. Qc8+ Kb6 63. Qe6+ Kb5 64.
Qc4+ Ka5 65. d4 Qc3 66. Qa2+ Kb6 67. Qe6+ Ka5 68. Qa2+ 1/2-1/2

[Event "AUTO-ADV-179"]
[Site "http://www.queenalice.com/game.php?id=90106"]
[Date "2006.7.27"]
[Round "2"]
[White "bogmaster"]
[Black "Tistou"]
[Result "1/2-1/2"]
[WhiteElo "1584"]
[BlackElo "1633"]

1. d4 Nf6 2. Nf3 b6 3. Bf4 Bb7 4. Nc3 e6 5. e3 Bb4 6. a3 Bxc3+ 7. bxc3 Ne4 8.
Qd3 d6 9. Nd2 Nxd2 10. Qxd2 Nd7 11. f3 e5 12. dxe5 dxe5 13. Bg3 O-O 14. e4 Nc5
15. Qxd8 Raxd8 16. Bxe5 Rd7 17. Bb5 c6 18. Bc4 Ba6 19. Bxa6 Nxa6 20. O-O Rfd8
21. c4 Rd2 22. c3 f6 23. Bf4 Rc2 24. Rfc1 Rxc1+ 25. Rxc1 Rd3 26. e5 Kf7 27. Kf2
Nc5 28. exf6 Kxf6 29. g3 Ne6 30. Bb8 a6 31. Ba7 b5 32. cxb5 cxb5 33. Ke2 Rd7 34.
Bd4+ Nxd4+ 35. cxd4 Rxd4 36. h4 Rd6 37. g4 g5 38. h5 h6 39. Ke3 a5 40. f4 gxf4+
41. Kxf4 Rd4+ 42. Kg3 b4 43. Rc6+ Kg7 44. Rc7+ Kf6 45. Rc6+ Kg5 46. Rc5+ Kf6 47.
Rxa5 Rd3+ 48. Kf4 Rxa3 49. Rb5 Ra4 50. Rb6+ Kg7 51. Rb7+ Kf6 52. Rb6+ Kg7 53.
Rb7+ Kf6 1/2-1/2

[Event "QA-ANNIV-02"]
[Site "http://www.queenalice.com/game.php?id=90989"]
[Date "2006.7.31"]
[Round "2"]
[White "Catalin"]
[Black "Tistou"]
[Result "1-0"]
[WhiteElo "1904"]
[BlackElo "1619"]

1. e4 c6 2. d4 d5 3. e5 Bf5 4. c4 e6 5. Qb3 Qc7 6. Bd3 Bxd3 7. Qxd3 Bb4+ 8. Nc3
Ne7 9. Ne2 c5 10. cxd5 Nxd5 11. O-O c4 12. Nxd5 exd5 13. Qf3 Nc6 14. Qxd5 Rd8
15. Qxc4 1-0

[Event "AUTO-OPEN-258"]
[Site "http://www.queenalice.com/game.php?id=108150"]
[Date "2006.9.20"]
[Round "2"]
[White "fabcosta"]
[Black "Tistou"]
[Result "1-0"]
[WhiteElo "1755"]
[BlackElo "1480"]

1. c4 Nf6 2. Nc3 b6 3. Nf3 Bb7 4. e3 e6 5. Be2 Be7 6. O-O O-O 7. b3 d5 8. Bb2
Nc6 9. cxd5 Nxd5 10. a3 Qd7 11. Qc2 Bf6 12. d4 Be7 13. Nxd5 1-0

[Event "AUTO-OPEN-258"]
[Site "http://www.queenalice.com/game.php?id=108151"]
[Date "2006.9.20"]
[Round "2"]
[White "Tistou"]
[Black "fabcosta"]
[Result "0-1"]
[WhiteElo "1475"]
[BlackElo "1760"]

1. e4 c5 2. f4 e6 3. Nf3 d5 4. exd5 exd5 5. d4 Nc6 6. dxc5 Bxc5 7. Bb5 Ne7 8.
Nc3 O-O 9. Bxc6 Nxc6 10. Qxd5 Re8+ 11. Kf1 Qe7 12. Bd2 Be6 0-1

[Event "AUTO-OPEN-258"]
[Site "http://www.queenalice.com/game.php?id=108160"]
[Date "2006.9.20"]
[Round "2"]
[White "Tistou"]
[Black "jbrcron"]
[Result "0-1"]
[WhiteElo "1550"]
[BlackElo "1708"]

1. e4 e5 2. Nf3 Nc6 3. Bb5 Nge7 4. O-O d6 5. d4 Bd7 6. d5 Nd4 7. Bxd7+ Qxd7 8.
Nxd4 exd4 9. Qxd4 Ng6 10. Bg5 Ne5 11. f4 c5 12. Qf2 Ng4 13. Qe2 Nf6 14. Bxf6
gxf6 15. c4 Bg7 16. Nc3 O-O-O 17. Nb5 Kb8 18. Qc2 Rhe8 19. Qa4 a6 0-1

[Event "AUTO-OPEN-258"]
[Site "http://www.queenalice.com/game.php?id=108161"]
[Date "2006.9.20"]
[Round "2"]
[White "jbrcron"]
[Black "Tistou"]
[Result "1-0"]
[WhiteElo "1718"]
[BlackElo "1540"]

1. e4 c6 2. d4 d5 3. e5 Bf5 4. Nf3 e6 5. g3 Bb4+ 6. c3 Ba5 7. Bg2 Ne7 8. O-O Bg4
9. b3 Nd7 10. Be3 Nf5 11. Qd3 Nxe3 12. Qxe3 Qc7 13. h3 Bh5 14. Nbd2 c5 15. Rac1
Rc8 16. Qf4 Bg6 17. c4 dxc4 18. Nxc4 b6 19. a3 1-0

[Event "AUTO-OPEN-258"]
[Site "http://www.queenalice.com/game.php?id=108163"]
[Date "2006.9.20"]
[Round "2"]
[White "MarceloLopes"]
[Black "Tistou"]
[Result "1-0"]
[WhiteElo "1657"]
[BlackElo "1612"]

1. e4 c6 2. d4 d5 3. Nc3 dxe4 4. Nxe4 Bf5 5. Bd3 Bxe4 6. Bxe4 Nf6 7. f3 e6 8.
Bg5 Bb4+ 9. c3 Ba5 10. Qd3 h6 11. Bxf6 1-0